Missing Word: #1 Hits of 1967 Quiz Stats

 Plays Quiz Updated Apr 9, 2017

Support Sporcle.
Go Orange.
Score 0/14 Timer 03:00
1 Play Today
Song Missing Word % Correct
All You Need Is _____Love
99.8%
_____ My FireLight
92.6%
_____ LanePenny
90.4%
I'm a _____Believer
84.8%
_____ TuesdayRuby
84.5%
Love Is Here and Now You're _____Gone
78.3%
Hello, ______Goodbye
77.3%
Song Missing Word % Correct
Ode to Billie ____Joe
75%
To ____ with LoveSir
74.6%
______ BelieverDaydream
74.5%
Happy _____Together
66.3%
______ StupidSomethin'
50.8%
_____ of a DragKind
50.1%
Incense and ______Peppermints
39.7%

Today's Daily Dose

You're not logged in!

Compare scores with friends on all Sporcle quizzes.
OR
Log In
Forgot?

From the Vault

Badly Misspelled Signs

by Purple_Parrot

If only more highway signs had auto correct, the world would be a better place.
Remove Ads.
Support Sporcle.
Get the best of Sporcle when you Go Orange. This ad-free experience offers more features, more stats, and more fun while also helping to support Sporcle. Thank you for becoming a member.

Show Comments

Extras

Top Quizzes Today


Score Distribution

Your Account Isn't Verified!

In order to create a playlist on Sporcle, you need to verify the email address you used during registration. Go to your Sporcle Settings to finish the process.

Report this User

Report this user for behavior that violates our Community Guidelines.

Details: